000 00960nmm a2200301 a 4500
001 ocm0001864959
003 TR-IsHL
005 20201028172747.0
008 180520s2015 tu tur
007 cr cn
020 _a9786055201579
035 _a1864959
_b(N$T)
050 0 4 _aQA76.76.O63
_bP23 2015
090 0 4 _aQA76.76.O63
_bP23 2015
100 1 _aParlak, Deniz
245 1 0 _aCentOS sistem ve sunucu yönetimi
_h[electronic resource] /
_cDeniz Parlak ; Yunus Çiftçi
250 _aİkinci basım
260 _aİstanbul :
_bKodlab,
_c2015
300 _a521 p.
650 4 _aBilgisayar
650 4 _aComputer Sciences
650 0 _aLinux
650 0 _aİşletim sistemleri (Bilgisayarlar)
650 0 _aOperating systems (Computers)
650 7 _aCOMPUTERS / Operating Systems / Linux
_2bisacsh
700 1 _aÇiftçi, Yunus
856 4 0 _uhttp://search.ebscohost.com/login.aspx?direct=true&scope=site&db=e011xww&AN=1864959
999 _c17360
_d17360